| 000 | 00665nam a22002297a 4500 | ||
|---|---|---|---|
| 005 | 20220513115811.0 | ||
| 008 | 220513b ||||| |||| 00| 0 eng d | ||
| 020 | _a8185195730 | ||
| 040 | _cAL | ||
| 041 | _aEnglish | ||
| 082 |
_223 _a342.54 _bGHOC |
||
| 100 |
_aOroon Ghosh _936860 |
||
| 245 | _aChanges for a better constitution:leaves from some Indian Thinkers | ||
| 260 |
_aCalcutta _bMinerva Publications Pvt Ltd _c1996 |
||
| 300 |
_ax,94 p. _bHB _c20x13 cm. |
||
| 365 |
_c₹ _d₹120.00 |
||
| 650 |
_aConstitution _936861 |
||
| 650 |
_aIndia _936862 |
||
| 650 |
_aPolitics and Governments _936863 |
||
| 700 |
_aGHOSH (Oroon) _936864 |
||
| 942 |
_2ddc _cGF |
||
| 999 |
_c222921 _d222921 |
||